Left brain, right stuff . (Record no. 351973)

000 -LEADER
fixed length control field 03527cam a2200421 i 4500
001 - CONTROL NUMBER
control field 17854925
003 - CONTROL NUMBER IDENTIFIER
control field OSt
005 - DATE AND TIME OF LATEST TRANSACTION
control field 20180116183104.0
008 - FIXED-LENGTH DATA ELEMENTS--GENERAL INFORMATION
fixed length control field 130816s2014 nyua b 001 0 eng
010 ## - LIBRARY OF CONGRESS CONTROL NUMBER
LC control number 2013031990
020 ## - INTERNATIONAL STANDARD BOOK NUMBER
International Standard Book Number 9781610393072 (hardback)
020 ## - INTERNATIONAL STANDARD BOOK NUMBER
Canceled/invalid ISBN 9781610393089 (e-book)
040 ## - CATALOGING SOURCE
Original cataloging agency DLC
Language of cataloging eng
Transcribing agency DLC
Description conventions rda
Modifying agency DLC
042 ## - AUTHENTICATION CODE
Authentication code pcc
050 00 - LIBRARY OF CONGRESS CALL NUMBER
Classification number HD30.23
Item number .R6725 2014
082 00 - DEWEY DECIMAL CLASSIFICATION NUMBER
Classification number 658.403
Edition number 23
084 ## - OTHER CLASSIFICATION NUMBER
Classification number BUS019000
-- PSY008000
-- SEL027000
Number source bisacsh
100 1# - MAIN ENTRY--PERSONAL NAME
Personal name Rosenzweig, Philip M.
Dates associated with a name 1955-
245 10 - TITLE STATEMENT
Title Left brain, right stuff .
Remainder of title how leaders make winning decisions .
Statement of responsibility, etc. Phil Rosenzweig.
250 ## - EDITION STATEMENT
Edition statement First edition.
260 ## - PUBLICATION, DISTRIBUTION, ETC.
Place of publication, distribution, etc. London.
Name of publisher, distributor, etc. Profile Book LTD.
Date of publication, distribution, etc. 2014.
300 ## - PHYSICAL DESCRIPTION
Extent vii, 315 pages :
Other physical details illustrations ;
Dimensions 25 cm
500 ## - GENERAL NOTE
General note Paper Cover.
504 ## - BIBLIOGRAPHY, ETC. NOTE
Bibliography, etc. note Includes bibliographical references (pages 287-301) and index.
520 ## - SUMMARY, ETC.
Summary, etc. "A renowned business expert examines decision-making in critical, big-time situations where the outcome shapes the destiny of companies, countries, sports teams, political campaigns, or the military Left Brain, Right Stuff is the book about decision making that takes off where others-Thinking, Fast and Slow, Predictably Irrational, and Decisive-leave off. It captures the essence of real-world decisions, where success only comes to those with the wisdom to push boundaries. The great paradox is that while we know a great deal about how we make routine decisions-from the way shoppers pick a box of cereal to how investors buy or sell-we know little about the most complex and consequential decisions of all-for example, whether to start a company, manage the risks of a business, or bid for a project and bring it to a successful completion. We need a new paradigm for situations where uncertainty reigns, rivalry is intense, and positive thinking matters. With compelling examples from business, sports, politics, and more, Phil Rosenzweig shows how high performance calls for a combination of skills: the need for careful analytical thinking-left brain-as well as the ability to take bold action-the right stuff"--
520 ## - SUMMARY, ETC.
Summary, etc. "The great paradox is that while we know a great deal about how we make routine decisions--from the way shoppers pick a box of cereal to how investors buy or sell--we know little about the most complex and consequential decisions of all--for example, whether to start a company, manage the risks of a business, or bid for a project and bring it to a successful completion. We need a new paradigm for situations where uncertainty reigns, rivalry is intense, and positive thinking matters. With compelling examples from business, sports, politics, and more, Phil Rosenzweig shows how high performance calls for a combination of skills: the need for careful analytical thinking--left brain--as well as the ability to take bold action--the right stuff"--
600 ## - SUBJECT ADDED ENTRY--PERSONAL NAME
Personal name Rosenzweig, Philip M.
650 #0 - SUBJECT ADDED ENTRY--TOPICAL TERM
Topical term or geographic name entry element Decision making.
650 #0 - SUBJECT ADDED ENTRY--TOPICAL TERM
Topical term or geographic name entry element Decision making
General subdivision Psychological aspects.
650 #0 - SUBJECT ADDED ENTRY--TOPICAL TERM
Topical term or geographic name entry element Leadership
General subdivision Psychological aspects.
650 #7 - SUBJECT ADDED ENTRY--TOPICAL TERM
Topical term or geographic name entry element BUSINESS & ECONOMICS / Decision-Making & Problem Solving.
Source of heading or term bisacsh
650 #7 - SUBJECT ADDED ENTRY--TOPICAL TERM
Topical term or geographic name entry element PSYCHOLOGY / Cognitive Psychology.
Source of heading or term bisacsh
650 #7 - SUBJECT ADDED ENTRY--TOPICAL TERM
Topical term or geographic name entry element SELF-HELP / Personal Growth / Success.
Source of heading or term bisacsh
700 ## - ADDED ENTRY--PERSONAL NAME
Personal name Rosenzweig, Philip M.
906 ## - LOCAL DATA ELEMENT F, LDF (RLIN)
a 7
b cbc
c orignew
d 1
e ecip
f 20
g y-gencatlg
942 ## - ADDED ENTRY ELEMENTS (KOHA)
Source of classification or shelving scheme
Koha item type Book
Call number prefix 658.403
Holdings
Withdrawn status Lost status Source of classification or shelving scheme Damaged status Not for loan Collection code Permanent Location Current Location Shelving location Date acquired Total Checkouts Total Renewals Full call number Barcode Date last seen Date last checked out Price effective from Koha item type
            Central Library (CL) Central Library (CL) General Stacks 05/16/2017 1 1 658.403 ROS NBS10260 10/01/2025 01/23/2022 05/16/2017 Book
© 2023 Central Library, National University of Sciences and Technology. All Rights Reserved.